LIBRARY & INFORMATION CENTRE, KCAET, TAVANUR

ONLINE PUBLIC ACCESS CATALOGUE (OPAC)

Source Book for Scientific Teaching / (Record no. 8938)

MARC details
000 -LEADER
fixed length control field 00246cam a2200109ua 4500
082 ## - DEWEY DECIMAL CLASSIFICATION NUMBER
Classification number 507.
Item number UNE/SO
245 00 - TITLE STATEMENT
Title Source Book for Scientific Teaching /
250 ## - EDITION STATEMENT
Edition statement 2 /
260 ## - PUBLICATION, DISTRIBUTION, ETC. (IMPRINT)
Place of publication Geneva :
Name of publisher UNESCO ,
Year of publication 1963.
300 ## - PHYSICAL DESCRIPTION
Number of Pages 252 ; .
942 ## - ADDED ENTRY ELEMENTS (KOHA)
Koha item type Reference
Holdings
Withdrawn status Lost status Damaged status Collection code Home library Current library Shelving location Date acquired Full call number Accession Number Koha item type
      Reference KAUAET KAUAET Reference 07/04/2012 507.UNE 4930 Reference
      Reference KAUAET KAUAET Reference 07/04/2012 507.UNE 9947 Reference
free website counter